[Event "SR 2. liga A 2014/2015"]
[Site "?"]
[Date "2015.02.14"]
[Round "8.2"]
[White "Zacik, Anton"]
[Black "Pytlik, Pavol"]
[Result "0-1"]
[WhiteElo "1936"]
[BlackElo "2027"]
[PlyCount "88"]
[EventDate "2014.??.??"]

1. e4 e6 2. d4 d5 3. Nd2 dxe4 4. Nxe4 Nd7 5. Nf3 Ngf6 6. Nxf6+ Nxf6 7. Bd3 Be7
8. O-O O-O 9. c3 b6 10. Bg5 Bb7 11. Qe2 h6 12. Bxf6 Bxf6 13. Be4 Bxe4 14. Qxe4
Qd5 15. Qxd5 exd5 16. Rfe1 Rfe8 17. Kf1 Kf8 18. Rxe8+ Kxe8 19. Ke2 Ke7 20. Kd3
c5 21. b3 Kd6 22. Re1 Rc8 23. Ne5 Bxe5 24. Rxe5 c4+ 25. Kd2 f6 26. Re1 b5 27.
b4 Rc6 28. Kc2 Ra6 29. Kb2 Kd7 30. Re3 h5 31. h4 Re6 32. Rg3 Re7 33. a4 a6 34.
axb5 axb5 35. Rf3 Re2+ 36. Kc1 Ke6 37. Kd1 Re4 38. Rg3 g5 39. hxg5 h4 40. g6
hxg3 41. g7 Kf7 42. f3 Re3 43. Kd2 Rd3+ 44. Kc2 Rxf3 0-1

[Event "SR 2. liga A 2014/2015"]
[Site "?"]
[Date "2015.02.14"]
[Round "8.2"]
[White "Puchovsky, Ladislav"]
[Black "Petrigacova, Daniela"]
[Result "1-0"]
[WhiteElo "1949"]
[BlackElo "1829"]
[PlyCount "93"]
[EventDate "2014.??.??"]

1. d4 Nf6 2. c4 g6 3. Nc3 Bg7 4. Bf4 O-O 5. h3 d6 6. Nf3 Nbd7 7. e3 c5 8. Be2
b6 9. O-O Bb7 10. d5 Ne8 11. Qc2 Nc7 12. Rfd1 Nf6 13. a4 Na6 14. e4 Nb4 15. Qb1
Bc8 16. Ra3 Bd7 17. Ne1 Qc7 18. g4 Rad8 19. Nb5 Qb8 20. Rg3 a6 21. Nc3 Ne8 22.
Kg2 Nc7 23. Nf3 Qb7 24. h4 b5 25. axb5 axb5 26. Rh1 bxc4 27. h5 Nd3 28. Bxd3
cxd3 29. Qxd3 Qxb2 30. Nd1 Qb5 31. Qd2 Qb4 32. Qe3 f6 33. hxg6 hxg6 34. Bh6 Rf7
35. Nh4 Bxh6 36. Qxh6 Qxe4+ 37. Nf3 Rg7 38. Nc3 Qc4 39. Qh8+ Kf7 40. Qxd8 Bxg4
41. Qxc7 Bxf3+ 42. Rxf3 f5 43. Re1 Qg4+ 44. Rg3 Qh4 45. Nb5 Kf8 46. Qd8+ Kf7
47. Nxd6+ 1-0

[Event "SR 2. liga A 2014/2015"]
[Site "?"]
[Date "2015.02.14"]
[Round "8.2"]
[White "Hajtmanek, Stanislav"]
[Black "Jursa, Branislav"]
[Result "1/2-1/2"]
[WhiteElo "1762"]
[BlackElo "1936"]
[PlyCount "63"]
[EventDate "2014.??.??"]

1. d4 Nf6 2. c4 g6 3. Nc3 d5 4. e3 Bg7 5. Nf3 O-O 6. Be2 dxc4 7. Bxc4 Nbd7 8.
O-O c5 9. h3 b6 10. Re1 Bb7 11. e4 cxd4 12. Nxd4 Rc8 13. Bd5 Nxd5 14. exd5 Nf6
15. Nc6 Bxc6 16. dxc6 e6 17. Nb5 a6 18. Nd4 Nd5 19. Qg4 Qf6 20. Rd1 e5 21. Bg5
Qd6 22. Nc2 Qxc6 23. Nb4 Nxb4 24. Qxb4 a5 25. Qd6 f6 26. Be3 f5 27. Bxb6 Qb5
28. Qd5+ Qxd5 29. Rxd5 a4 30. Rad1 Rc6 31. Bc5 Bf6 32. Bxf8 1/2-1/2

[Event "SR 2. liga A 2014/2015"]
[Site "?"]
[Date "2015.02.14"]
[Round "8.2"]
[White "Kis, Tomas"]
[Black "Kosnac, Patrik"]
[Result "1/2-1/2"]
[WhiteElo "1745"]
[BlackElo "1235"]
[PlyCount "90"]
[EventDate "2014.??.??"]

1. b4 e5 2. Bb2 d6 3. e3 Nf6 4. c4 Bf5 5. Nf3 Nc6 6. b5 Ne7 7. Nc3 Ng6 8. Be2
Be7 9. O-O O-O 10. a4 c5 11. d3 Qd7 12. Nd2 a6 13. Nde4 Nxe4 14. dxe4 Be6 15.
Nd5 Bxd5 16. Qxd5 b6 17. h3 Ra7 18. f4 Bf6 19. Bg4 Qc7 20. Qd2 exf4 21. Bxf6
fxe3 22. Qxe3 gxf6 23. Rad1 Qe7 24. Bf5 Qe5 25. Qh6 Qg3 26. Rf3 Qg5 27. Qxg5
fxg5 28. Rxd6 axb5 29. axb5 Rb7 30. Rg3 f6 31. Be6+ Kg7 32. Bd5 Rbb8 33. Ra3
Rfd8 34. Rxd8 Rxd8 35. Ra7+ Kh8 36. Rc7 Ne5 37. Rb7 Rd6 38. Kf2 h5 39. g3 Nd3+
40. Ke3 Nb4 41. Re7 Nc2+ 42. Kd3 Nd4 43. Ke3 Nc2+ 44. Kf2 Nd4 45. Rc7 Rd8
1/2-1/2

[Event "SR 2. liga A 2014/2015"]
[Site "?"]
[Date "2015.02.14"]
[Round "8.3"]
[White "Lanc, Alois"]
[Black "Smolen, Jan"]
[Result "1/2-1/2"]
[WhiteElo "2344"]
[BlackElo "2453"]
[PlyCount "210"]
[EventDate "2014.??.??"]

1. e4 e6 2. d4 d5 3. Nc3 Bb4 4. e5 c5 5. a3 Ba5 6. b4 cxd4 7. Nb5 Bc7 8. f4 Bd7
9. Nxc7+ Qxc7 10. Nf3 Nh6 11. Bb2 Nf5 12. Bd3 O-O 13. Qe2 Rc8 14. O-O a6 15.
Rf2 Bb5 16. g4 Bxd3 17. cxd3 Ne7 18. Nxd4 Nbc6 19. Raf1 Qb6 20. Qe3 Qc7 21. Qh3
Qb6 22. Nf3 Ng6 23. Ng5 h6 24. Nxf7 Kxf7 25. Qh5 Nce7 26. f5 Kg8 27. Kg2 Qe3
28. f6 Qg5 29. fxe7 Qxh5 30. gxh5 Nxe7 31. Bd4 Nf5 32. Bc5 Rc6 33. Rxf5 exf5
34. Rxf5 Re8 35. Kf3 b6 36. Bd6 Rc3 37. Ke3 Rxa3 38. Kd4 Rb3 39. Rf3 a5 40.
Kxd5 a4 41. e6 a3 42. e7 Kh7 43. Rf8 Rxd3+ 44. Kc6 a2 45. Rxe8 Rxd6+ 46. Kxd6
a1=Q 47. Rh8+ Kxh8 48. e8=Q+ Kh7 49. Qg6+ Kh8 50. Qe8+ Kh7 51. Qe4+ Kh8 52. Kc7
Qc3+ 53. Kxb6 Qf6+ 54. Kc5 Qf8+ 55. Kc4 Qf1+ 56. Qd3 Qf4+ 57. Qd4 Qf1+ 58. Kc5
Qf8+ 59. Qd6 Qc8+ 60. Kb6 Qh3 61. Qe5 Qd7 62. b5 Qd8+ 63. Ka6 Qa8+ 64. Kb6 Qd8+
65. Ka7 Qd7+ 66. Ka8 Qd2 67. Qe8+ Kh7 68. Qe4+ Kh8 69. Qf5 Qa2+ 70. Kb7 Qg2+
71. Kc7 Qxh2+ 72. Kc8 Qb2 73. Qc5 Qf6 74. b6 Qe6+ 75. Kb8 Qf6 76. b7 Qf4+ 77.
Kc8 Qg4+ 78. Kc7 Qg3+ 79. Qd6 Qc3+ 80. Kd8 Qa5+ 81. Kd7 Qb5+ 82. Kc8 Qf5+ 83.
Qd7 Qc5+ 84. Kd8 Qa5+ 85. Kc8 Qc5+ 86. Qc7 Qf5+ 87. Kb8 Kh7 88. Ka7 Qf2+ 89.
Qb6 Qa2+ 90. Qa6 Qf2+ 91. Ka8 Qf3 92. Qg6+ Kh8 93. Qd6 Kh7 94. Qc5 Qe4 95. Qa5
Qf3 96. Qe5 Qa3+ 97. Kb8 Qf8+ 98. Kc7 Qf7+ 99. Kc6 Qc4+ 100. Qc5 Qe6+ 101. Kb5
Qb3+ 102. Qb4 Qd5+ 103. Kb6 Qe6+ 104. Kc7 Qf7+ 105. Kb8 Qg8+ 1/2-1/2

[Event "SR 2. liga A 2014/2015"]
[Site "?"]
[Date "2015.02.14"]
[Round "8.3"]
[White "Duben, Igor"]
[Black "Sekera, Branislav"]
[Result "1-0"]
[WhiteElo "2198"]
[BlackElo "2207"]
[PlyCount "55"]
[EventDate "2014.??.??"]

1. d4 Nf6 2. Nf3 d5 3. c4 e6 4. Nc3 dxc4 5. e3 Be7 6. Bxc4 O-O 7. O-O b6 8. Qe2
Bb7 9. Rd1 Qc8 10. b3 Nbd7 11. Bb2 c5 12. Rac1 cxd4 13. exd4 Re8 14. Ne5 Qd8
15. Nxf7 Kxf7 16. Qxe6+ Kg6 17. Bd3+ Kh6 18. Qh3+ Nh5 19. g4 g6 20. gxh5 gxh5
21. Be4 Rg8+ 22. Kh1 Rb8 23. Rg1 Bg5 24. Bxb7 Rxb7 25. Ne4 Nf6 26. Nxg5 Rxg5
27. Rxg5 Kxg5 28. Qg2+ 1-0

[Event "SR 2. liga A 2014/2015"]
[Site "?"]
[Date "2015.02.14"]
[Round "8.3"]
[White "Kavon, Rastislav"]
[Black "Oprea, Erik"]
[Result "1-0"]
[WhiteElo "2153"]
[BlackElo "2163"]
[PlyCount "201"]
[EventDate "2014.??.??"]

1. e4 d6 2. d4 Nd7 3. Nc3 e5 4. Nf3 c6 5. a4 Be7 6. Bc4 Ngf6 7. O-O O-O 8. h3
d5 9. exd5 e4 10. Ne5 Nb6 11. dxc6 Nxc4 12. cxb7 Bxb7 13. Nxc4 Rc8 14. Ne3 Bd6
15. Nb5 Bb8 16. c4 a6 17. Nc3 Qd6 18. g3 Qd7 19. Kg2 g6 20. b3 Nh5 21. Ned5 f5
22. Bf4 Bxf4 23. Nxf4 Nxf4+ 24. gxf4 Qd6 25. Ne2 g5 26. Qc1 e3+ 27. f3 g4 28.
Qxe3 Rce8 29. Qd2 gxf3+ 30. Rxf3 Bxf3+ 31. Kxf3 Qh6 32. Kg2 Re7 33. Ng3 Rfe8
34. Rg1 Re3 35. Qf2 Kf7 36. d5 Rxb3 37. Re1 Rxe1 38. Qxe1 Rb2+ 39. Kf3 Rb3+ 40.
Kg2 Qg6 41. Qf2 Qf6 42. Ne2 Rb2 43. Qf3 Qe7 44. Kf1 Rb1+ 45. Kf2 Qh4+ 46. Kg2
Rb2 47. c5 Qe7 48. Kf1 Rb1+ 49. Kg2 Kf8 50. d6 Qe6 51. Qd3 Rb3 52. Nc3 Rb2+ 53.
Kf3 Qg6 54. Ne2 Qh5+ 55. Kf2 Ke8 56. c6 Kd8 57. c7+ Kd7 58. c8=Q+ Kxc8 59. Qc3+
Kd7 60. Qxb2 Qxh3 61. Qb7+ Kxd6 62. Qxa6+ Kc7 63. a5 Qh2+ 64. Ke3 Qg2 65. Qb6+
Kc8 66. Qc5+ Kb7 67. Qe7+ Ka6 68. Qe6+ Kxa5 69. Qxf5+ Kb6 70. Qxh7 Kc5 71. Qe7+
Kb6 72. Qe6+ Kc7 73. Nd4 Qg1+ 74. Ke4 Qh1+ 75. Ke5 Qh5+ 76. f5 Qh2+ 77. Kd5
Qa2+ 78. Kc5 Qa3+ 79. Kc4 Qa2+ 80. Kc3 Qa1+ 81. Kd3 Qb1+ 82. Nc2 Qf1+ 83. Kc3
Qh3+ 84. Ne3 Kd8 85. Kc4 Qh4+ 86. Kc5 Qe1 87. Nc4 Qf2+ 88. Kc6 Qb6+ 89. Kd5
Qb7+ 90. Kd4 Qg7+ 91. Ne5 Qg1+ 92. Ke4 Qe1+ 93. Kf3 Qf1+ 94. Kg4 Qg2+ 95. Kh5
Qh3+ 96. Kg5 Qe3+ 97. Kg6 Qg1+ 98. Kf7 Kc7 99. Qc6+ Kb8 100. Nd7+ Ka7 101. Qc5+
1-0

[Event "SR 2. liga A 2014/2015"]
[Site "?"]
[Date "2015.02.14"]
[Round "8.3"]
[White "Szollos, Ondrej"]
[Black "Bango, Lukas"]
[Result "1-0"]
[WhiteElo "1972"]
[BlackElo "1917"]
[PlyCount "79"]
[EventDate "2014.??.??"]

1. Nf3 c5 2. d3 d5 3. c3 Nf6 4. Qc2 Nc6 5. e4 e5 6. Be2 Be7 7. O-O O-O 8. Re1
Bg4 9. Nbd2 d4 10. Nf1 Qd7 11. h3 Bxf3 12. Bxf3 b5 13. Ng3 Rfd8 14. c4 Nb4 15.
Qb3 a5 16. a3 bxc4 17. Qxc4 Nc6 18. Bd1 Rdb8 19. Ba4 Qc7 20. Nf5 Nd8 21. Rb1
Ne6 22. Rf1 Bf8 23. Bb5 Qb7 24. Ba4 Qa6 25. Qc2 Rc8 26. Bb3 g6 27. Bc4 Qb6 28.
Ng3 h5 29. Ne2 h4 30. f4 Bg7 31. f5 gxf5 32. Rxf5 Qd6 33. Qd1 Ra7 34. Qe1 Nxe4
35. dxe4 d3 36. Rf2 dxe2 37. Bxe2 c4 38. Be3 Qc6 39. Bxa7 Qxe4 40. Bg4 1-0

[Event "SR 2. liga A 2014/2015"]
[Site "?"]
[Date "2015.02.14"]
[Round "8.3"]
[White "Jakubec, Milan"]
[Black "Kucera, Michal"]
[Result "0-1"]
[WhiteElo "2102"]
[BlackElo "1934"]
[PlyCount "74"]
[EventDate "2014.??.??"]

1. e4 c5 2. Nf3 Nc6 3. c4 e6 4. Nc3 a6 5. Be2 d6 6. d4 cxd4 7. Nxd4 Nf6 8. Be3
Be7 9. O-O O-O 10. Qd2 Bd7 11. Rfd1 Rc8 12. f4 Qc7 13. Rac1 Qb8 14. g4 Nxd4 15.
Bxd4 Bc6 16. Bf3 Nd7 17. Be3 b5 18. cxb5 axb5 19. a3 Qb7 20. Qg2 Nb6 21. Rc2
Rfe8 22. Rdc1 Nc4 23. Bf2 g5 24. Qg3 Bf6 25. Nd1 gxf4 26. Qxf4 Be5 27. Qg5+ Kh8
28. a4 Rg8 29. Qh5 Bxe4 30. Bxe4 Qxe4 31. h3 Qf4 32. Kf1 Nd2+ 33. Ke2 Rxc2 34.
Rxc2 Nb3 35. Be3 Nd4+ 36. Kd3 Qf1+ 37. Kd2 Qe2+ 0-1

[Event "SR 2. liga A 2014/2015"]
[Site "?"]
[Date "2015.02.14"]
[Round "8.3"]
[White "Jurcak, Marian"]
[Black "Mackovic, Matus"]
[Result "0-1"]
[WhiteElo "1856"]
[BlackElo "1949"]
[PlyCount "124"]
[EventDate "2014.??.??"]

1. e4 c6 2. d4 d5 3. Nd2 dxe4 4. Nxe4 Bf5 5. Ng3 Bg6 6. h4 h6 7. Nf3 Nd7 8. h5
Bh7 9. Bd3 Bxd3 10. Qxd3 Ngf6 11. Bd2 e6 12. O-O-O Bd6 13. Rde1 O-O 14. Ne4
Nxe4 15. Qxe4 Nf6 16. Qe2 c5 17. dxc5 Bxc5 18. Ne5 Qd4 19. f4 Rfd8 20. g4 Qf2
21. Qxf2 Bxf2 22. Ref1 Ne4 23. Nd3 Bb6 24. Re1 Nxd2 25. Kxd2 Rd5 26. Rh3 Rad8
27. a3 Bc7 28. Rf3 b5 29. Kc1 a5 30. b3 Rd4 31. Re2 Bd6 32. Kb2 a4 33. Ne5 Rc8
34. Nd3 axb3 35. cxb3 Ra8 36. b4 Rd8 37. Ne5 Rc8 38. Kb3 Rc1 39. Kb2 Rg1 40. g5
Rd5 41. Rc3 hxg5 42. Rc8+ Bf8 43. Nc6 Rd7 44. f5 g4 45. fxe6 fxe6 46. Ne5 Rdd1
47. Rf2 Rb1+ 48. Ka2 Ra1+ 49. Kb2 Rgb1+ 50. Kc3 Rc1+ 51. Rc2 Rxc2+ 52. Kxc2 g3
53. Kb2 g2 54. Ng6 Rf1 55. Ne7+ Kh7 56. Ng6 g1=Q 57. Nxf8+ Rxf8 58. Rxf8 Qd4+
59. Kb3 e5 60. Rb8 Qc4+ 61. Kb2 e4 62. Rb7 e3 0-1

[Event "SR 2. liga A 2014/2015"]
[Site "?"]
[Date "2015.02.14"]
[Round "8.3"]
[White "Lopatievov, Alexander"]
[Black "Sosovicka, Jakub"]
[Result "1-0"]
[WhiteElo "1926"]
[BlackElo "1723"]
[PlyCount "61"]
[EventDate "2014.??.??"]

1. b4 e5 2. Bb2 Bxb4 3. Bxe5 Nf6 4. e3 Nc6 5. Bb2 O-O 6. Nf3 d5 7. c4 Bf5 8.
cxd5 Nxd5 9. Be2 Re8 10. O-O Qd6 11. d3 Bg6 12. Qc1 Rad8 13. d4 Nf4 14. Qd1
Nxe2+ 15. Qxe2 f6 16. Qb5 a6 17. Qc4+ Kh8 18. Nbd2 Ne7 19. Nb3 Nd5 20. a3 b5
21. Qc1 Bd3 22. axb4 Bxf1 23. Kxf1 Nxb4 24. Nc5 Qd5 25. Nd2 Qf5 26. e4 Qh5 27.
h3 f5 28. Qc3 Nc6 29. d5 Ne5 30. Ne6 Rxe6 31. dxe6 1-0

[Event "SR 2. liga A 2014/2015"]
[Site "?"]
[Date "2015.02.14"]
[Round "8.3"]
[White "Sosovicka, Vladimir"]
[Black "Mackovic, Miroslav"]
[Result "1/2-1/2"]
[WhiteElo "1765"]
[BlackElo "1846"]
[PlyCount "94"]
[EventDate "2014.??.??"]

1. e4 c5 2. Nf3 d6 3. d4 cxd4 4. Nxd4 Nf6 5. Nc3 a6 6. f4 Qc7 7. Bd3 e6 8. Nf3
Nbd7 9. O-O Be7 10. Qe1 Nc5 11. Qg3 Nxd3 12. cxd3 g6 13. Be3 Bd7 14. Rac1 Qd8
15. e5 Nh5 16. Qf2 d5 17. Kh1 O-O 18. Nd4 Ng7 19. Nce2 Rc8 20. Rxc8 Qxc8 21. g4
f6 22. Qg2 fxe5 23. fxe5 Rxf1+ 24. Qxf1 Qf8 25. Qxf8+ Bxf8 26. Bh6 Bc5 27. Nf3
Be7 28. Nf4 Ne8 29. Bg5 Bxg5 30. Nxg5 Nc7 31. Kg2 Kg7 32. d4 h6 33. Nf3 Be8 34.
g5 h5 35. Kf2 b6 36. Ke3 Bf7 37. Ne1 Kf8 38. Kd3 Be8 39. a3 Bf7 40. Nf3 Be8 41.
Kc3 Kf7 42. h3 Kf8 43. Kd3 Kf7 44. b3 Kg7 45. Ne1 Bf7 46. Nc2 Be8 47. Nb4 Kf7
1/2-1/2

[Event "SR 2. liga A 2014/2015"]
[Site "?"]
[Date "2015.02.14"]
[Round "8.4"]
[White "Liptak, Tomas"]
[Black "Rohacek, Miroslav"]
[Result "0-1"]
[WhiteElo "2168"]
[BlackElo "2272"]
[PlyCount "108"]
[EventDate "2014.??.??"]

1. e4 e5 2. Nf3 Nc6 3. Bb5 f5 4. d3 fxe4 5. dxe4 Nf6 6. O-O Bc5 7. Nc3 O-O 8.
Bg5 d6 9. Nd5 Kh8 10. c3 Ne7 11. Nxe7 Qxe7 12. b4 Bb6 13. Qd3 Qf7 14. Nd2 Qg6
15. Bxf6 Rxf6 16. Nc4 Bg4 17. Qg3 Qxe4 18. Nxb6 axb6 19. Bd3 Qf4 20. a4 Bd7 21.
Qxf4 Rxf4 22. Bc2 g5 23. f3 Kg7 24. Rfe1 h5 25. Re4 Kf6 26. Kf2 Bc6 27. Rxf4+
gxf4 28. g3 Re8 29. Re1 Rg8 30. Bb3 fxg3+ 31. hxg3 Ra8 32. Ra1 e4 33. fxe4 Bxe4
34. Ke3 Ke5 35. Rf1 d5 36. Rf7 c5 37. Bd1 Ke6 38. Rg7 Bh1 39. Rg6+ Kf5 40. Rxb6
d4+ 41. cxd4 cxd4+ 42. Kf2 Rc8 43. Rb5+ Ke4 44. Rxb7 Rf8+ 45. Ke1 Ke3 46. Re7+
Be4 47. Bxh5 d3 48. Rxe4+ Kxe4 49. Kd2 Kd4 50. b5 Rf2+ 51. Kc1 Kc3 52. Kb1 Rb2+
53. Ka1 Rb4 54. Bd1 Kd2 0-1

[Event "SR 2. liga A 2014/2015"]
[Site "?"]
[Date "2015.02.14"]
[Round "8.4"]
[White "Kralovic, Andrej"]
[Black "Szitkey, Milan"]
[Result "1-0"]
[WhiteElo "2172"]
[BlackElo "2151"]
[PlyCount "75"]
[EventDate "2014.??.??"]

1. e4 e6 2. d4 d5 3. Nc3 Bb4 4. e5 c5 5. a3 Bxc3+ 6. bxc3 Ne7 7. Qg4 Qa5 8. Bd2
Qa4 9. Qxg7 Rg8 10. Qxh7 Nbc6 11. Ne2 Bd7 12. f4 cxd4 13. g3 O-O-O 14. Qd3 dxc3
15. Nxc3 Qd4 16. Rb1 Nf5 17. Nb5 Qc5 18. Be2 Ncd4 19. Nxd4 Nxd4 20. Bd1 Bc6 21.
Qc3 Qxc3 22. Bxc3 Nxc2+ 23. Bxc2 d4 24. Ba5 d3 25. Ba4 Bxh1 26. Bxd8 Rxd8 27.
Kd2 Be4 28. Re1 Bg6 29. h4 Rd5 30. Rc1+ Kb8 31. Be8 a6 32. g4 Rd4 33. Rf1 Rc4
34. f5 exf5 35. gxf5 Bh5 36. e6 fxe6 37. Bxh5 Rxh4 38. f6 1-0

[Event "SR 2. liga A 2014/2015"]
[Site "?"]
[Date "2015.02.14"]
[Round "8.4"]
[White "Arendas, Marek"]
[Black "Kimerling, Martin"]
[Result "1-0"]
[WhiteElo "2104"]
[BlackElo "2157"]
[PlyCount "85"]
[EventDate "2014.??.??"]

1. e4 d6 2. d4 Nf6 3. Nc3 Nbd7 4. Nf3 e5 5. Bc4 Be7 6. h3 O-O 7. Be3 c6 8. a4
b6 9. O-O Bb7 10. dxe5 dxe5 11. Qe2 Bb4 12. Bg5 h6 13. Bh4 Qe7 14. Rfe1 Nc5 15.
Bg3 Bxc3 16. bxc3 Ncxe4 17. Bxe5 Rfe8 18. Bd3 c5 19. Qe3 Qe6 20. Bb5 Red8 21.
a5 Nd6 22. Bd3 Nd5 23. Qe2 f6 24. Bxd6 Qxe2 25. Rxe2 Rxd6 26. axb6 Rxb6 27. Ra5
Nxc3 28. Re7 Kf8 29. Rc7 Nd5 30. Rcxc5 Nf4 31. Nh4 Nxd3 32. cxd3 Rd6 33. Rc7
Ba6 34. Nf5 Rb6 35. d4 Rb7 36. Rac5 Rxc7 37. Rxc7 Bb5 38. d5 Rd8 39. Nxg7 Rxd5
40. Ne6+ Kg8 41. Rg7+ Kh8 42. Rxa7 Rd7 43. Ra8+ 1-0

[Event "SR 2. liga A 2014/2015"]
[Site "?"]
[Date "2015.02.14"]
[Round "8.4"]
[White "Sahidi, Samir"]
[Black "Stetina, Erik"]
[Result "1-0"]
[WhiteElo "2026"]
[BlackElo "2051"]
[PlyCount "107"]
[EventDate "2014.??.??"]

1. e4 e5 2. Nf3 Nc6 3. Bb5 a6 4. Bxc6 dxc6 5. O-O f6 6. d4 exd4 7. Qxd4 Qxd4 8.
Nxd4 Bd7 9. Bf4 O-O-O 10. Nc3 Ne7 11. Rad1 Ng6 12. Bg3 h5 13. h4 Ne5 14. Nf3
Nxf3+ 15. gxf3 g5 16. e5 Be7 17. Ne4 Rdf8 18. Rfe1 fxe5 19. Nxg5 Bxg5 20. hxg5
Rxf3 21. Rxe5 Bg4 22. Rde1 h4 23. Bh2 Rg8 24. Re8+ Rxe8 25. Rxe8+ Kd7 26. Rh8
Bf5 27. Rf8 Ke7 28. Rb8 b5 29. Rb7 Bxc2 30. Rxc7+ Ke8 31. Rxc6 Bd3 32. Rxa6 Bc4
33. b3 Bd5 34. Rd6 Rf5 35. f4 h3 36. Kf2 Ke7 37. Rb6 Bg2 38. g6 Rc5 39. Kg3 Rc6
40. g7 Kf7 41. Rxc6 Bxc6 42. Kxh3 Kxg7 43. Kg3 Kf6 44. Kf2 Ke6 45. Ke3 Kd5 46.
f5 Be8 47. Bb8 Kc5 48. Ke4 Bf7 49. Ke5 Bg8 50. Kf6 Kd4 51. Kg7 Bd5 52. f6 Kc3
53. Bd6 b4 54. Bxb4+ 1-0

[Event "SR 2. liga A 2014/2015"]
[Site "?"]
[Date "2015.02.14"]
[Round "8.4"]
[White "Puchart, Vladimir"]
[Black "Sklars, Tomas"]
[Result "1/2-1/2"]
[WhiteElo "2031"]
[BlackElo "2005"]
[PlyCount "47"]
[EventDate "2014.??.??"]

1. d4 Nf6 2. c4 g6 3. Nc3 Bg7 4. e4 d6 5. f3 Nbd7 6. Be3 O-O 7. Qd2 c5 8. g4
Re8 9. h4 h5 10. g5 Nh7 11. Nge2 Nhf8 12. O-O-O a6 13. Kb1 Ne6 14. Bh3 cxd4 15.
Nxd4 Nxd4 16. Bxd4 Bxd4 17. Qxd4 Nb6 18. Nd5 Nxd5 19. cxd5 Bxh3 20. Rxh3 Rc8
21. Rhh1 Qd7 22. Rc1 Rxc1+ 23. Rxc1 Rc8 24. Rxc8+ 1/2-1/2

[Event "SR 2. liga A 2014/2015"]
[Site "?"]
[Date "2015.02.14"]
[Round "8.4"]
[White "Macko, Miroslav"]
[Black "Doucha, Ludvik"]
[Result "1/2-1/2"]
[WhiteElo "2010"]
[BlackElo "2006"]
[PlyCount "99"]
[EventDate "2014.??.??"]

1. e4 e5 2. Nf3 d6 3. d4 exd4 4. Nxd4 g6 5. Nc3 Bg7 6. Be3 Nf6 7. Qd2 O-O 8.
Bh6 Nc6 9. Bxg7 Kxg7 10. O-O-O Re8 11. h4 Nxe4 12. Nxe4 Rxe4 13. Nxc6 bxc6 14.
h5 Qf6 15. hxg6 hxg6 16. Bd3 Rf4 17. Rde1 Bb7 18. f3 a5 19. Be4 Rh4 20. Rxh4
Qxh4 21. Qc3+ Qf6 22. Qxf6+ Kxf6 23. f4 Re8 24. Kd2 d5 25. Bf3 Rxe1 26. Kxe1
Kf5 27. g3 c5 28. Kf2 c4 29. c3 a4 30. a3 c5 31. Bg2 Ke6 32. Bh3+ Kd6 33. Ke3
f6 34. Bg4 Ba6 35. Bd1 Bb5 36. Bc2 g5 37. Bf5 Bd7 38. Bc2 gxf4+ 39. gxf4 Be8
40. Bd1 Bc6 41. Bg4 Ke7 42. Bf5 Kf7 43. Bg4 Kg6 44. Be2 Kf5 45. Bd1 Be8 46. Be2
Bf7 47. Bd1 Be8 48. Be2 Bc6 49. Bd1 Bb5 50. Be2 1/2-1/2

[Event "SR 2. liga A 2014/2015"]
[Site "?"]
[Date "2015.02.14"]
[Round "8.4"]
[White "Sturdik, Igor"]
[Black "Vrtiakova, Anna"]
[Result "1/2-1/2"]
[WhiteElo "1990"]
[BlackElo "1966"]
[PlyCount "101"]
[EventDate "2014.??.??"]

1. e4 c5 2. Nf3 d6 3. d4 cxd4 4. Nxd4 Nf6 5. Nc3 a6 6. Bg5 e6 7. f4 Be7 8. Qf3
Nbd7 9. O-O-O O-O 10. Bd3 Qc7 11. Rhe1 b5 12. e5 dxe5 13. Ndxb5 Qb7 14. Qxb7
Bxb7 15. fxe5 axb5 16. exf6 Nxf6 17. Bxb5 Bxg2 18. Rg1 Bb7 19. Bh6 Nd5 20. Bxg7
Rfc8 21. Nxd5 Bxd5 22. Bf6+ Kf8 23. Bxe7+ Kxe7 24. a3 Rc5 25. Bd3 Ra4 26. Bxh7
Rh4 27. Bd3 Rxh2 28. Rd2 Rh8 29. Re1 Rf8 30. Bf1 Bb7 31. b4 Rc7 32. c4 f5 33.
c5 f4 34. Bc4 Rf6 35. Rde2 Bc8 36. Kc2 Rg6 37. Rf2 Rf6 38. Re4 f3 39. Re3 Bb7
40. Bd3 Rc8 41. Be4 Bxe4+ 42. Rxe4 Rf5 43. a4 e5 44. Kd3 Ke6 45. Kc4 Rg8 46.
Kd3 Kd5 47. Ke3 Rg1 48. Rxf3 Re1+ 49. Kd2 Rxe4 50. Rxf5 Rxb4 51. c6 1/2-1/2

[Event "SR 2. liga A 2014/2015"]
[Site "?"]
[Date "2015.02.14"]
[Round "8.4"]
[White "Macko, Peter"]
[Black "Kolenak, Matus"]
[Result "1-0"]
[WhiteElo "1900"]
[BlackElo "1977"]
[PlyCount "61"]
[EventDate "2014.??.??"]

1. e4 g6 2. d4 Bg7 3. c4 b6 4. Nc3 Bb7 5. Bg5 d6 6. Nf3 Nf6 7. Bd3 O-O 8. O-O
c5 9. d5 h6 10. Bf4 Nh5 11. Be3 Nd7 12. Qd2 Kh7 13. g4 Nhf6 14. g5 hxg5 15.
Nxg5+ Kg8 16. Kh1 Ng4 17. Rg1 Nde5 18. f4 Nf3 19. Nxf3 Nxe3 20. Qxe3 Bc8 21. f5
Qd7 22. fxg6 fxg6 23. Rxg6 Qh3 24. Rg3 Qh5 25. Rag1 Rf7 26. e5 Bf5 27. Bxf5
Qxf5 28. e6 Raf8 29. exf7+ Rxf7 30. Qh6 Kf8 31. Qh8+ 1-0

[Event "SR 2. liga A 2014/2015"]
[Site "?"]
[Date "2015.02.14"]
[Round "8.5"]
[White "Cech, Dominik"]
[Black "Federic, Jozef"]
[Result "0-1"]
[WhiteElo "2119"]
[BlackElo "2305"]
[PlyCount "58"]
[EventDate "2014.??.??"]

1. e4 c5 2. Nf3 e6 3. Nc3 d6 4. d4 cxd4 5. Nxd4 Nf6 6. Be2 Be7 7. O-O O-O 8. f4
Nc6 9. Kh1 Re8 10. Be3 Qc7 11. Qe1 Nxd4 12. Bxd4 e5 13. Be3 a6 14. a4 exf4 15.
Bxf4 Bf8 16. Bd3 Qc5 17. Qh4 Be6 18. Bg5 Nd7 19. e5 g6 20. exd6 Qxd6 21. Ne4
Qc6 22. Bf6 Bd5 23. Rae1 Re6 24. Bc3 Rae8 25. Rxf7 h6 26. Rxd7 Bxe4 27. Rxe4
Rxe4 28. Bxe4 Rxe4 29. Qd8 Qxc3 0-1

[Event "SR 2. liga A 2014/2015"]
[Site "?"]
[Date "2015.02.14"]
[Round "8.5"]
[White "Kleman, Miroslav"]
[Black "Petrik, Stanislav"]
[Result "1-0"]
[WhiteElo "2230"]
[BlackElo "2147"]
[PlyCount "61"]
[EventDate "2014.??.??"]

1. e4 c5 2. d4 cxd4 3. c3 dxc3 4. Nxc3 Nc6 5. Nf3 a6 6. Bc4 b5 7. Bb3 e6 8. O-O
Nge7 9. Bg5 h6 10. Bh4 Na5 11. e5 Nxb3 12. Ne4 d5 13. Nd6+ Kd7 14. Qxb3 Qb6 15.
Nxf7 Rg8 16. Rfd1 g5 17. Bg3 Nf5 18. Rac1 Bb7 19. Nd6 Nxg3 20. hxg3 Bxd6 21.
exd6 Qxd6 22. a4 b4 23. Nd2 Ke7 24. Qc2 Rg7 25. Qd3 Qb6 26. a5 Qxa5 27. Qd4 Kf7
28. Qe5 Rc8 29. Nc4 Qd8 30. Nd6+ Kf8 31. Nxb7 1-0

[Event "SR 2. liga A 2014/2015"]
[Site "?"]
[Date "2015.02.14"]
[Round "8.5"]
[White "Helbich, Branislav"]
[Black "Mydlarik, Martin"]
[Result "0-1"]
[WhiteElo "2027"]
[BlackElo "2138"]
[PlyCount "90"]
[EventDate "2014.??.??"]

1. e4 e6 2. d4 d5 3. Nd2 c5 4. Ngf3 Nc6 5. exd5 exd5 6. dxc5 Bxc5 7. Nb3 Bb6 8.
c3 Nf6 9. Bg5 Bxf2+ 10. Kxf2 Ne4+ 11. Ke1 Nxg5 12. Bd3 O-O 13. Nxg5 Qxg5 14.
Qd2 Qe5+ 15. Kd1 Bg4+ 16. Kc2 Bf5 17. Rae1 Be4 18. Nc5 Bxd3+ 19. Qxd3 Qg5 20.
Qd2 Qxd2+ 21. Kxd2 Rad8 22. b3 b6 23. Nd3 Rfe8 24. Nf4 Re4 25. g3 f5 26. Kc2
Kf7 27. a3 Ne5 28. Rd1 d4 29. c4 Ng4 30. Rd2 Ne3+ 31. Kd3 g5 32. Nh3 Kf6 33.
Nf2 Re6 34. Re2 f4 35. gxf4 gxf4 36. Nh3 Kf5 37. Rf2 Re4 38. Rg1 Ng2 39. Re2
Re3+ 40. Kd2 f3 41. Rf2 Kg4 42. Nf4 Kxf4 43. Rgxg2 Rxb3 44. Rg7 Rb2+ 45. Ke1
Re8+ 0-1

[Event "SR 2. liga A 2014/2015"]
[Site "?"]
[Date "2015.02.14"]
[Round "8.5"]
[White "Antol, Ladislav"]
[Black "Polacik, Igor"]
[Result "1/2-1/2"]
[WhiteElo "2045"]
[BlackElo "2173"]
[PlyCount "86"]
[EventDate "2014.??.??"]

1. e4 e5 2. Nf3 Nc6 3. Bb5 a6 4. Ba4 Nf6 5. d3 Bc5 6. O-O d6 7. c3 b5 8. Bc2
Bg4 9. h3 Bd7 10. Re1 h6 11. Be3 Bxe3 12. Rxe3 Ne7 13. d4 Ng6 14. dxe5 dxe5 15.
Nbd2 Qe7 16. a4 O-O 17. axb5 axb5 18. c4 b4 19. Ba4 c6 20. Nf1 Rfd8 21. Qc2 c5
22. Ree1 Bxa4 23. Rxa4 Rxa4 24. Qxa4 Nf4 25. Ng3 Qc7 26. Rd1 Rxd1+ 27. Qxd1 Ne6
28. Nh4 Nd4 29. Nhf5 Qb7 30. Nxd4 cxd4 31. Qd3 Qa6 32. b3 Qa1+ 33. Kh2 Qc3 34.
Qd1 d3 35. f3 Qc2 36. Qxc2 dxc2 37. Ne2 Nd7 38. Nc1 Nc5 39. Kg1 Ne6 40. Kf2 Kf8
41. Ke1 Nd4 42. Kd2 f6 43. Nd3 Nxb3+ 1/2-1/2

[Event "SR 2. liga A 2014/2015"]
[Site "?"]
[Date "2015.02.14"]
[Round "8.5"]
[White "Krajnak, Robert"]
[Black "Karlik, Lukas"]
[Result "1-0"]
[WhiteElo "2103"]
[BlackElo "1940"]
[PlyCount "91"]
[EventDate "2014.??.??"]

1. c4 c6 2. Nf3 d5 3. e3 e6 4. b3 f5 5. Be2 Nf6 6. O-O Bd6 7. Ba3 O-O 8. Bxd6
Qxd6 9. d4 Nbd7 10. Nc3 Ne4 11. Rc1 Rf6 12. Nd2 Rh6 13. f4 Nxd2 14. Qxd2 Qe7
15. Bd3 Nf6 16. g3 Ng4 17. h4 Bd7 18. Be2 Nf6 19. Bf3 Be8 20. c5 Bh5 21. b4 Rf8
22. Bg2 Rg6 23. Qe1 Bg4 24. Kh2 Nh5 25. Rg1 Nxg3 26. Qxg3 Rh6 27. Rh1 Rff6 28.
Kg1 Rfg6 29. Qf2 Rh5 30. Kf1 Rgh6 31. Ke1 b6 32. Kd2 Qb7 33. Rb1 Qe7 34. Ne2
Qd8 35. Bf3 Rxh4 36. Rxh4 Rxh4 37. Rh1 Rxh1 38. Bxh1 Bxe2 39. Kxe2 Qc8 40. Bg2
Qa6+ 41. Kf3 Qc4 42. Qd2 b5 43. Kf2 a5 44. Bf1 Qxb4 45. Qxb4 axb4 46. Bxb5 1-0